|
|
|
|
| LEADER |
03442nam a22004093i 4500 |
| 001 |
EBC6422820 |
| 003 |
MiAaPQ |
| 005 |
20231204023215.0 |
| 006 |
m o d | |
| 007 |
cr cnu|||||||| |
| 008 |
231204s2019 xx o ||||0 eng d |
| 020 |
|
|
|a 9783319789347
|q (electronic bk.)
|
| 020 |
|
|
|z 9783319786100
|
| 035 |
|
|
|a (MiAaPQ)EBC6422820
|
| 035 |
|
|
|a (Au-PeEL)EBL6422820
|
| 035 |
|
|
|a (OCoLC)1231605634
|
| 040 |
|
|
|a MiAaPQ
|b eng
|e rda
|e pn
|c MiAaPQ
|d MiAaPQ
|
| 050 |
|
4 |
|a Q124.6-127.2
|
| 082 |
0 |
|
|a 618.11
|
| 100 |
1 |
|
|a Frampton, Sally.
|
| 245 |
1 |
0 |
|a Belly-Rippers, Surgical Innovation and the Ovariotomy Controversy.
|
| 250 |
|
|
|a 1st ed.
|
| 264 |
|
1 |
|a Cham :
|b Springer International Publishing AG,
|c 2019.
|
| 264 |
|
4 |
|c ©2018.
|
| 300 |
|
|
|a 1 online resource (277 pages)
|
| 336 |
|
|
|a text
|b txt
|2 rdacontent
|
| 337 |
|
|
|a computer
|b c
|2 rdamedia
|
| 338 |
|
|
|a online resource
|b cr
|2 rdacarrier
|
| 490 |
1 |
|
|a Medicine and Biomedical Sciences in Modern History Series
|
| 505 |
0 |
|
|a Intro -- Acknowledgements -- Contents -- List of Figures -- Chapter 1 Introduction -- A Gendered Operation? -- Ovariotomy and Innovation -- The Distinctiveness of Surgical Innovation -- Sources -- Outline of the Book -- Chapter 2 Pathologies, Actions, Ideas -- Heroes and Villains -- Locating the Pathological Ovary in Early Modern Medicine -- The Dropsical Patient -- Removing the Ovaries: A Disembodied Technique -- Conclusion -- Chapter 3 Creating a Surgical Controversy -- From Kentucky to Edinburgh to the Pages of the Lancet: Ovarian Surgery in the Early Nineteenth Century -- Progress or Culpable Homicide? -- Who's Responsible? Patients, Risk and Emotive Accounts -- 'An Eminently Uncertain Operation': Ovariotomy and the Trouble with Statistics -- Conclusion -- Chapter 4 Patent Concerns, Unpatentable Procedures -- Situating Surgical Credit -- 'Attempting to Bind the Winds': The Unpatentability of Surgery -- Clay's Adhesion Clam and the Pedicle Dispute -- Uneasy Pioneers: Thomas Spencer Wells and Charles Clay -- Imitations and Imports: Ovariotomy on the Global Stage -- Conclusion -- Chapter 5 The Business of Surgery -- Medicine, Money and Morality -- The Operator Becomes the Ovariotomist: Specialism and Private Practice -- Surgical Fees: Determining the Cost of Ovariotomy -- Oöphorectomy, Operative Mania and Surgical Consumption -- Conclusion -- Chapter 6 The Afterlife of an Operation -- Narratives of Victory -- All in a Name? Decline, Diffusion and Surgical Linguistics -- Afterlives: Patient Experiences After Ovarian Surgery -- Could Ovariotomy Ever Have Been Conservative? -- Disbelief and Nostalgia: How Surgeons Used History to Make Sense of Ovariotomy -- Conclusion -- Chapter 7 Conclusion -- Bibliography -- Index.
|
| 588 |
|
|
|a Description based on publisher supplied metadata and other sources.
|
| 590 |
|
|
|a Electronic reproduction. Ann Arbor, Michigan : ProQuest Ebook Central, 2023. Available via World Wide Web. Access may be limited to ProQuest Ebook Central affiliated libraries.
|
| 655 |
|
4 |
|a Electronic books.
|
| 776 |
0 |
8 |
|i Print version:
|a Frampton, Sally
|t Belly-Rippers, Surgical Innovation and the Ovariotomy Controversy
|d Cham : Springer International Publishing AG,c2019
|z 9783319786100
|
| 797 |
2 |
|
|a ProQuest (Firm)
|
| 830 |
|
0 |
|a Medicine and Biomedical Sciences in Modern History Series
|
| 856 |
4 |
0 |
|u https://ebookcentral.proquest.com/lib/matrademy/detail.action?docID=6422820
|z Click to View
|